1415 1020 1862 1867 1282 1693 1789 1603 1351 1057 1119 1114 1097 1840 1551 1509 1242 1306 1488 1694 1127 1522 1340 1384 1116 1431 1882 1674 1094 1516 1385 1611 1553 1732 1089 1812 1813 1132 1458 1845 1958 1810 1821 1817 1998 1560 1357 1009 1087 1952 1168 1393 1096 1134 1042 1128 1253 1838 1422 1990 1988 1802 1720 1255 1552 1985 1970 1702 1905 1619 1814 1946 1686 1141 1438 1526 1680 1770 1138 1207 1232 1411 1570 1267 1948 1421 1634 1830 1149 1427 1102 1012 1280 1182 1808 1109 1581 1242 1633 BCNSPRNW ULIB Ver.6.0+V

เปลี่ยนเป็นภาษาไทย

Change to English
 แสดงรายละเอียดบรรณานุกรม
  กลับหน้าหลัก

Brief Record : Get Marc (ISO 2709) : E-mail record : QR code < ปิดหน้าต่าง
LEADER : 00000nam 2200000uu 4500
001    13399122821
003     ULIB
008    130927s2554||||th 000 0 tha d
020    ^a9786167078205
090    นว.^bภ21ส
100 0  ^aภาคินัย
245 10 ^aสวนสนุกแดนนรก /^cภาคินัย [นามแฝง]
260    ^aกรุงเทพฯ :^bโซฟา พับลิชชิ่ง,^c2554
300    ^a256 หน้า
945    ^p200^l0^i034047
999    ^aเกษร โพธิ์สุวรรณ
รายการนี้ยังไม่มีแท็ก
คุณยังไม่ได้ล็อกอิน คุณสามารถมีกิจกรรมร่วมกับเว็บไซต์ได้ แต่ต้องล็อกอินก่อน ::
  ล็อกอิน

รายการสื่อสารสนเทศ

ลำดับที่ ประเภท เลขเรียก/บาร์โค้ด สถานที่ สถานะ
1. นวนิยาย
นวนิยาย
นว. ภ21ส ฉ.1 
  Barcode: 034047
ห้องสมุดวิทยาเขตสวรรค์ประชารักษ์
►นวนิยาย
บนชั้น
  ขอยืม

รายการใกล้เคียง
    ผู้แต่ง [ภาคินัย]

BibComment


ยังไม่เคยถูกคอมเมนท์

คอมเมนท์ทรัพยากรรายการนี้
  คอมเมนท์: สวนสนุกแดนนรก ภ..


 Copyright 2026. Bcnsprnw @Library